Normal view
MARC view
- NC Muhammad Arslan Amjad Qureshi NC Muhammad Hassan Ghafoor NC Muhammad Talha Saleem NC Muhammad Hashim
Entry Personal Name
001 - CONTROL NUMBER
- control field: 103559
003 - CONTROL NUMBER IDENTIFIER
- control field: NUST
005 - DATE AND TIME OF LATEST TRANSACTION
- control field: 20221125093558.0
008 - FIXED-LENGTH DATA ELEMENTS
- fixed length control field: 221125|| aca||aabn | a|a d
040 ## - CATALOGING SOURCE
- Original cataloging agency: NUST
- Transcribing agency: NUST
100 ## - HEADING--PERSONAL NAME
- Personal name: NC Muhammad Arslan Amjad Qureshi NC Muhammad Hassan Ghafoor NC Muhammad Talha Saleem NC Muhammad Hashim
670 ## - SOURCE DATA FOUND
- Source citation: Work cat.: (NUST): NC Muhammad Arslan Amjad Qureshi NC Muhammad Hassan Ghafoor NC Muhammad Talha Saleem NC Muhammad Hashim, PR-SOF-2205-Path Planning of Autonomous Electric Vehicle, 2022.
